000 00306nam a22001337a 4500
008 170620b xxu||||| |||| 00| 0 eng d
020 _a9781403963918
041 _aeng
080 _a32
100 _a20
101 _aSHP
245 _aTHE UNITED NATIONS AND GLOBAL SECURITY
_cPRICE,R.M
942 _2udc
_cBK
999 _c18208
_d18208